Pôda je národné bohatstvo i záruka štátnosti

Bibliographic Details
Main Authors: Lysák, Ladislav, 1933-2026 (Author), Vlnka, Ján (Author, Compiler, Photographer)
Corporate Authors: Matica slovenská. Národohospodársky odbor (Collaborator), Slovenská ekonomická spoločnosť (občianske združenie) (Collaborator)
Other Authors: Grešš, Martin, 1978- (Compiler), Paška, Ivan, 1934- (Photographer)
Format: Book
Language:Slovak
PhysicalDescription:138 s., [4] s. fotogr. príl. fotogr., mp. 23 cm
Published: Martin Matica slovenská 2017
ISBN:9788081281907
Subjects:

MARC

LEADER 00000cam a2200000 a 4500
001 vtls011627429
003 SK-MaSNL
005 20260417112926.0
008 240318s2017 xo ob g n 000 0 slo
015 |a SNBA2017/06 
020 |a 9788081281907  |q (viaz.) 
035 |a urn:nbn:sk:snk-am00cy7e 
035 |a urn:nbn:sk:snk-am3hf7e 
035 |a 88C10567-4D4E-489A-AB95-8549C582470E 
040 |a SNK  |b slo  |c SNK  |e AACR2 
041 0 |a slo  |b eng 
044 |a xo  |c SK 
072 7 |a 502  |x Životné prostredie a jeho ochrana  |2 konspekt 
080 |a 502.521  |2 2011 
080 |a 502.171:502.521  |2 2011 
080 |a (048.8:082)  |2 2011 
100 1 |a Lysák, Ladislav,  |d 1933-2026  |4 aut  |9 253419 
245 1 0 |a Pôda je národné bohatstvo i záruka štátnosti  |c Ladislav Lysák a kolektív ; [text: Ladislav Lysák ... [et al.] ; zostavovatelia: Ladislav Lysák, Ján Vlnka, Martin Grešš ; fotografie Ivan Paška, Ján Vlnka] 
260 |a Martin  |b Matica slovenská  |c 2017 
300 |a 138 s., [4] s. fotogr. príl.  |b fotogr., mp.  |c 23 cm 
500 |a V spolupráci: Národohospodársky odbor Matice slovenskej, Slovenská ekonomická spoločnosť - Nezávislé združenie ekonómov Slovenska 
504 |a Bibliogr. ; bibliogr. odkazy ; pozn. 
546 |a Res. angl. 
650 0 7 |a pôda  |2 SNKPH  |9 1159 
650 0 7 |a Soils  |2 SNKPHeng  |9 325606 
650 0 7 |a ochrana pôdy  |2 SNKPH  |9 4189 
650 0 7 |a Soil protection  |2 SNKPHeng  |9 265461 
655 7 |a kolektívne monografie  |2 SNKPH  |9 249850 
655 7 |a Collective monographs  |2 SNKPHeng  |9 125747 
700 1 |a Vlnka, Ján  |4 aut  |4 com  |4 pht  |9 710455 
700 1 |a Grešš, Martin,  |d 1978-  |4 com  |9 217931 
700 1 |a Paška, Ivan,  |d 1934-  |4 pht  |9 37120 
710 2 |a Matica slovenská.  |b Národohospodársky odbor  |4 clb  |9 710456 
710 2 |a Slovenská ekonomická spoločnosť (občianske združenie)  |4 clb  |9 233265 
852 |a Štátna vedecká knižnica v Banskej Bystrici 
919 |a 978-80-8128-190-7 
958 |a NB 
999 |c 1107639  |d 1109569 
952 |a SNK  |b SNK  |y PREZ  |7 0  |p 17A1258996  |o snkSC 174649  |i snk2017/11687  |8 0  |0 0  |1 0  |4 0  |d 2017-05-18  |f 1  |l 0  |r 2025-09-16 00:00:00  |w 2026-02-24 
952 |a SNK  |b SNK  |y VYP  |7 0  |p 17A1258997  |o snkSC 174649 D1  |i snk2017/11688  |8 0  |0 0  |1 0  |4 0  |d 2017-05-18  |l 0  |r 2026-02-24 17:50:45  |w 2026-02-24